00441nam a2200157Ia 450000500170000000800410001702000180005803700130007604000200008904100130010908400170012210000140013924500920015326000290024530000090027420250326141924.0250326s9999 xx 000 0 und d a81-212-0122-5 aTextbook aFMSLbengcFMSL aeng2eng aX65 M8qFMSL aGoyal O P 0aConvertible debentures Bonds : Experience of Indian Private corporate sectorcGoyal O P aDelhibDelhi, Gianc1988 a462p